000 00558nam a2200241Ia 4500
008 210210b1962 xxu||||| |||| 00| 0 eng d
041 _aeng
082 _a335/272
100 _aRAO (V K R V) Ed
245 _aPapers on national income and allied topics Vol III
260 _aBombay
_bAsia Publishing House
_c1962
650 _aVol
650 _atopics
650 _aPapers
650 _aon
650 _anational
650 _aincome
650 _aIII
650 _aand
650 _aallied
690 _aIndian Economics
906 _a004614
999 _c126861
_d126861